00968cam a22002413 450000100060000000300080000600500170001400800390003103500190007004000270008904100080011608200210012410000330014524501480017826000530032630000310037950400510041065000650046165000320052694200120055899900170057095201390058720460BD-RjUL20211209000552.0140301t1963 miua b s001 0 eng a(BD-RjUL)20522 aDLCcDLCbengdBD-RjUL aeng04a823.09bHON 19631 aHollingsworth, Keith.96309414aThe Newgate novel, 1830-1847 :bBulwer, Ainsworth, Dickens & Thackeray /cWith illus. by George Cruikshank, Hablot K. Browne, & W.M. Thackeray. aDetroit :bWayne State University Press,cc1963. a279 p. :billus. ;c24 cm. aIncludes bibliographical references and index. 0aEnglish fictiony19th centuryxHistory and criticism.956557 0aCrime in literature.963095 2ddccBK c20460d20460 00102ddc40728FICaRUCLbRUCLcReadingd1970-08-20eZeitlingerg75.60l0o823.09 HON 1963r2014-03-01 00:00:00tC-1w2014-03-01yBK